Hire wire act (Record no. 81553)
[ view plain ]
| 000 -LEADER | |
|---|---|
| fixed length control field | 01033cab a22001935a 4500 |
| 001 - CONTROL NUMBER | |
| control field | L147515 |
| 008 - FIXED-LENGTH DATA ELEMENTS--GENERAL INFORMATION | |
| fixed length control field | 090519s2009 xxk f 000 0 eng d |
| 035 ## - SYSTEM CONTROL NUMBER | |
| System control number | (Sirsi) u147515 |
| 041 0# - LANGUAGE CODE | |
| Language code of text/sound track or separate title | eng |
| 100 1# - MAIN ENTRY--PERSONAL NAME | |
| Personal name | Lenton, Ben |
| 245 00 - TITLE STATEMENT | |
| Title | Hire wire act |
| 260 ## - PUBLICATION, DISTRIBUTION, ETC. | |
| Date of publication, distribution, etc. | 2009 |
| 490 ## - SERIES STATEMENT | |
| Series statement | The Estate Agent |
| Volume/sequential designation | May 2009, 20-21(2) |
| 520 ## - SUMMARY, ETC. | |
| Summary, etc. | Problems of carrying out a valuation of a property blighted by overhead electricity powerlines and pylons. Stresses that it is not only the visual impact but also health and safety issues such as concerns of electro- magnetic fields which effects value. Suggests that factors which affect value are the size of the electricity line or pylon, value of the property and distance from the lines. Compensation claims against electricity company for the loss of value can also be initiated by the current owner and then transferred to new purchaser |
| 590 ## - LOCAL NOTE (RLIN) | |
| Local note | KA |
| 651 #4 - SUBJECT ADDED ENTRY--GEOGRAPHIC NAME | |
| Geographic name | United Kingdom |
| Chronological subdivision | |
| 690 ## - LOCAL SUBJECT ADDED ENTRY--TOPICAL TERM (OCLC, RLIN) | |
| Topical term or geographic name as entry element | PROPERTY-RESIDENTIAL PROPERTY-RESIDENTIAL PROPERTY APPRAISAL AND VALUATION |
| 942 ## - ADDED ENTRY ELEMENTS (KOHA) | |
| Suppress in OPAC | 0 |
| Withdrawn status | Lost status | Source of classification or shelving scheme | Damaged status | Not for loan | Home library | Current library | Shelving location | Date acquired | Total Checkouts | Full call number | Barcode | Date last seen | Copy number | Price effective from | Koha item type |
|---|---|---|---|---|---|---|---|---|---|---|---|---|---|---|---|
| Dewey Decimal Classification | London | London | Journal article | 19/05/2009 | L147515 | 147515-1001 | 06/08/2019 | 1 | 06/08/2019 | Journal article |